Central Library OPAC University of Rajshahi

SYNTHESIS OF BIOGENIC SILVER/SILVER CHLORIDE MANOPARTICLES FROM SEAWEED (HYPNEA MUSCIFORMIS) AND ITS EFFECTS ON PATHOGENIC BACTERIA AND HUMANCANCER CELL LINES / (Record no. 82287)

MARC details
000 -LEADER
fixed length control field 01019nam a2200241 a 4500
001 - CONTROL NUMBER
RUCL Control Number 82287
003 - CONTROL NUMBER IDENTIFIER
rucl marc code BD-RjUL
005 - DATE AND TIME OF LATEST TRANSACTION
control field 20231114135410.0
008 - FIXED-LENGTH DATA ELEMENTS--GENERAL INFORMATION
fixed length control field 231114s2021 bg a|||| m||| 00| 0 eng d
035 ## - SYSTEM CONTROL NUMBER
system control number (BD-RjUL)82287
040 ## - CATALOGING SOURCE
Original cataloging agency BD-RjUL
Language of cataloging eng
Transcribing agency BD-RjUL
Modifying agency BD-RjUL
041 ## - LANGUAGE CODE
Language code of Book eng
082 ## - DEWEY DECIMAL CLASSIFICATION NUMBER
DDC Edition number 23
Classification number 571.9
Author mark and Year GHS 2021
100 ## - MAIN ENTRY--PERSONAL NAME
Personal name GHOSE, RITA
9 (RLIN) 10049
245 10 - TITLE STATEMENT
Title SYNTHESIS OF BIOGENIC SILVER/SILVER CHLORIDE MANOPARTICLES FROM SEAWEED (HYPNEA MUSCIFORMIS) AND ITS EFFECTS ON PATHOGENIC BACTERIA AND HUMANCANCER CELL LINES /
Statement of responsibility, etc RITA GHOSE
Name of Supervisor/Co-Supervisor Supervisor : Syed Rashel Kabir
260 ## - PUBLICATION, DISTRIBUTION, ETC. (IMPRINT)
Place of publication, distribution, etc Rajshahi :
Name of publisher, distributor, etc Department of Biochemistry and Molecular Biology,University of Rajshahi
Date of publication, distribution, etc 2021
300 ## - PHYSICAL DESCRIPTION
Pagination [6], xi, [1], 73 leaves :
Other physical details ill.;
Dimensions 29 cm.
502 ## - DISSERTATION NOTE
Dissertation note Thesis(Ph.D.)-- Department of Biochemistry and Molecular Biology,University of Rajshahi,2021
504 ## - BIBLIOGRAPHY, ETC. NOTE
Bibliography, etc References : Leaves 65-72
650 ## - SUBJECT ADDED ENTRY--TOPICAL TERM
Topical term or geographic name as entry element Diseases
General subdivision Pathogenicity
Form subdivision Synthesis
9 (RLIN) 10050
700 ## - ADDED ENTRY--SUPERVISOR/CO-SUPERVISOR NAME
Personal name Kabir, Syed Rashel, Supervisor
9 (RLIN) 7072
942 ## - ADDED ENTRY ELEMENTS (KOHA)
Source of classification or shelving scheme Dewey Decimal Classification
Koha item type Theses
Holdings
Source of classification or shelving scheme Damaged status Not for loan Collection code Permanent Location Current Location Shelving location Date of accession Source of acquisition Total Checkouts Full call number Barcode Date last seen Copy number Thesis
Dewey Decimal Classification   Not For Loan Theses Central Library, University of Rajshahi Central Library, University of Rajshahi Documentation Section 13/08/2023 Controller of Exam. R.U.   THE 571.9 GHS 2021 D4881 14/11/2023 C-1 Theses